000 00966nam a22002057a 4500
999 _c58385
_d58385
003 Ge_BSU
005 20211228124901.0
008 211228s2008 ge ||||| |||| 00| 0 geo d
020 _a9992884436
041 _ageo
080 _a321(09)(042.4)+34(09)(042.4) ნ-15
100 _aნადარეიშვილი, გიორგი
_913367
245 _aსახელმწიფოსა და სამართლის ისტორია :
_b[ლექციების კურსი იურიდ. და ისტ. ფაკ. სტუდ.] /
_cგიორგი ნადარეიშვილი.
264 _aთბ. :
_b[ბონა კაუზა],
_c2008.
300 _a332გვ. ;
_b20სმ.
504 _aბიბლიოგრ. ტექსტ. შენიშვნ.
653 _aსახელმწიფოს ისტორია
653 _aსამართლის ისტორია
942 _2udc
_cBK